00422nam a2200109Ia 4500008004100000082000900041100002100050245007200071260002500143630007200168730007200240100328s9999 xx 000 0 und d b8433 aAlexander Miller aThe Renewal Of Man, The Twentieth Century On Justification By Faith bVictor Gollanez Ltd. aThe Renewal Of Man, The Twentieth Century On Justification By Faith aThe Renewal Of Man, The Twentieth Century On Justification By Faith